Statistics for The Greatest Show - Lyrics

Click here to take the quiz!

General Stats

  • This quiz has been taken 46 times
  • The average score is 38 of 57

Answer Stats

Answer% Correct
It's only this {moment}
96%
Ladies and gents this is the {moment} you've waited for
96%
This is {the} greatest show
81%
This is {the} greatest show
81%
And the sun can't {stop} us now
78%
{Impossible} comes true it's taking over you
78%
{Running} at ya
78%
Stealing your {mind}
78%
This is the greatest {show}
78%
This is the {greatest} show
78%
This is the {greatest} show
78%
This is the greatest {show}
78%
Where the runaways are {running} the night
78%
Your {sweat} soaking through the floor
78%
Buried in your {bones} there's an ache than you can't ignore
74%
Don't care what comes {after}
74%
Don't {fight} it it's coming for you
74%
Impossible comes true it's taking {over} you
74%
It's everything you'll {ever} need
74%
It's everything you'll ever {want}
74%
This is where you {want} to be
74%
We {light} it up we won't come down
74%
And it's here {right} in front of you
70%
And it's {here} right in front of you
70%
And the {sun} can't stop us now
70%
Been {searching} in the dark
70%
Don't fight it it's {coming} for you running at ya
70%
It's everything you'll ever {need}
70%
So tell me do you {wanna} go
70%
Taking your {breath}
70%
We light it up we won't come {down }
70%
We light it up we won't {come} down
70%
It's everything {you'll} ever want
67%
Its only this moment don't care what {comes} after
67%
This is {where} you want to be
67%
Watching it come true it's {taking} over you
67%
{Where} it's covered in all the coloured lights
67%
Where the {runaways} are running the night
67%
Where the runaways are running the {night}
67%
Watching it come { true} it's taking over you
63%
Where it's covered in all the {coloured} lights
63%
Where it's { covered} in all the coloured lights
63%
And all that's { real} is left behind
59%
It's a preacher in the {pulpit} and you'll find devotion
59%
It's fire it's freedom it's {flooding} open
59%
{Watching} it come true it's taking over you
59%
Your {fever} dream can't you see it getting closer
59%
Just {surrender} cause you feel the feeling taking over
56%
There's something breaking at the {brick} of every wall
56%
Where the {lost} get found
56%
In the crown of the {circus} king
52%
Colossal we call these {renegades} in the ring
48%
Impossible comes true {intoxicating} you
48%
And the {walls} can't stop us now
41%
Its {holding} all that you know
41%
Its blinding {outshining} everything that you know
37%
Just surrender cause you're {calling} and you wanna go
26%

Score Distribution

Percentile by Number Answered

Percent of People with Each Score

Your Score History

You have not taken this quiz